Fremdenverkehrsstatistik 1983 Sommersaison

Guardado en:
Detalles Bibliográficos
Formato: Libro
Lenguaje:alemán
Publicado: Vaduz Amt für Volkswirtschaft 1983
Etiquetas: Agregar Etiqueta
Sin Etiquetas, Sea el primero en etiquetar este registro!

MARC

LEADER 00000nam a2200000 4500
001 c116605
005 20251217105358.6
041 0 |a ger 
044 |a LI 
245 1 0 |a Fremdenverkehrsstatistik 1983  |b Sommersaison 
264 1 |a Vaduz  |b Amt für Volkswirtschaft  |c 1983 
300 |a 25 s.